000 00678nam a22002057a 4500
005 20251108172706.0
008 250721s2001 xx 000 0 ara d
082 1 4 _aم/811.9/شاب
100 1 _aالشابي، أبو القاسم
_eمؤلف
245 1 0 _aديوان أبي القاسم الشابي ورسائله /
264 1 _aبيروت :
_bمؤسسة المعارف للطباعة والنشر،
_c2001.
300 _a228ص.
650 1 7 _aالشعر العربي
650 1 7 _aالرسائل
650 1 7 _aالنقد الأدبي
650 1 7 _aتونس
700 1 _aالأسمر، راجي شارح
_eمؤلف مشارك
942 _2ddc
_cREF
999 _c86063
_d86063